|
|
|
|
| LEADER |
01489nam a2200397Ia 4500 |
| 001 |
EBC631874 |
| 003 |
MiAaPQ |
| 005 |
20200520144314.0 |
| 006 |
m o d | |
| 007 |
cr cn||||||||| |
| 008 |
070517s2007 ne sb 001 0 eng d |
| 020 |
|
|
|z 9780750685047 (pbk.)
|
| 020 |
|
|
|z 9780080942360
|
| 020 |
|
|
|z 0750685042 (pbk.)
|
| 035 |
|
|
|a (MiAaPQ)EBC631874
|
| 035 |
|
|
|a (Au-PeEL)EBL631874
|
| 035 |
|
|
|a (CaPaEBR)ebr10589150
|
| 035 |
|
|
|a (CaONFJC)MIL383181
|
| 035 |
|
|
|a (OCoLC)701704021
|
| 040 |
|
|
|a MiAaPQ
|c MiAaPQ
|d MiAaPQ
|
| 050 |
|
4 |
|a HD70.U5
|b D78 2007
|
| 100 |
1 |
|
|a Drucker, Peter F.
|q (Peter Ferdinand),
|d 1909-2005.
|
| 245 |
1 |
4 |
|a The practice of management
|h [electronic resource] /
|c Peter F. Drucker.
|
| 250 |
|
|
|a Rev. ed.
|
| 260 |
|
|
|a Amsterdam ;
|a London :
|b Butterworth-Heinemann,
|c 2007.
|
| 300 |
|
|
|a xiv, 355 p.
|
| 490 |
1 |
|
|a The classic Drucker collection
|
| 500 |
|
|
|a Previous ed.: New York: Harper, 1954; Oxford: Heinemann, 1955.
|
| 504 |
|
|
|a Includes bibliographical references (p. 341-343) and index.
|
| 533 |
|
|
|a Electronic reproduction. Ann Arbor, MI : ProQuest, 2015. Available via World Wide Web. Access may be limited to ProQuest affiliated libraries.
|
| 650 |
|
0 |
|a Management.
|
| 650 |
|
0 |
|a Industrial management
|z United States.
|
| 655 |
|
4 |
|a Electronic books.
|
| 710 |
2 |
|
|a ProQuest (Firm)
|
| 830 |
|
0 |
|a Classic Drucker collection.
|
| 856 |
4 |
0 |
|u https://ebookcentral.proquest.com/lib/matrademy/detail.action?docID=631874
|z Click to View
|